[Event "Mittelfranken-ch"]
[Site "Germany"]
[Date "1995.??.??"]
[Round "6"]
[White "Junker, R."]
[Black "Hirn, Oskar"]
[Result "0-1"]
[WhiteElo "2120"]
[BlackElo "2195"]
[PlyCount "68"]
[EventDate "1995.??.??"]
[EventType "swiss"]
[EventRounds "9"]
[EventCountry "GER"]
[SourceTitle "EXT 1997"]
[Source "ChessBase"]
[SourceDate "1996.11.15"]
[SourceVersion "1"]
[SourceVersionDate "1996.11.15"]
[SourceQuality "1"]

1. e4 c5 2. Nf3 e6 3. d4 cxd4 4. Nxd4 a6 5. c4 Nf6 6. Nc3 d6 7. Be2 Be7 8. 0-0 0-0 9. Be3 Qc7 10. Qd2 Nbd7 11. Rac1 b6 12. Rfd1 Bb7 13. f3 Rac8 14. Nb3 Rfd8 15. Bf4 Ne5 16. Kh1 Nfd7 17. Be3 Qb8 18. Nb1 Qa8 19. Nd4 Bf8 20. b3 d5 21. f4 Nc6 22. cxd5 exd5 23. Nxc6 Bxc6 24. exd5 Nf6 25. Bf3 Bxd5 26. Rxc8 Qxc8 27. Bxb6 Rd6 28. Rc1 Qf5 29. Bc5 Rd7 30. Bxf8 Bxf3 31. Qe1 Bb7 32. Ba3 h5 33. Qe5 Qc2 34. Rg1 Qxg2+ 0-1

[Event "Mittelfranken-ch"]
[Site "Germany"]
[Date "1995.??.??"]
[Round "5"]
[White "Uschold, Jens"]
[Black "Junker, R."]
[Result "1-0"]
[WhiteElo "2140"]
[BlackElo "2120"]
[PlyCount "65"]
[EventDate "1995.??.??"]
[EventType "swiss"]
[EventRounds "9"]
[EventCountry "GER"]
[SourceTitle "EXT 1997"]
[Source "ChessBase"]
[SourceDate "1996.11.15"]
[SourceVersion "1"]
[SourceVersionDate "1996.11.15"]
[SourceQuality "1"]

1. e4 e5 2. Bc4 Bc5 3. Nc3 Nf6 4. d3 d6 5. Nge2 Nc6 6. Na4 Bb6 7. Nxb6 axb6 8. 0-0 Na5 9. Ng3 Nxc4 10. dxc4 0-0 11. b3 Bg4 12. f3 Bd7 13. Qd3 Re8 14. a4 Bc6 15. Bg5 h6 16. Be3 Qc8 17. Qd2 Qe6 18. Rae1 Bd7 19. Nf5 Rf8 20. g4 Nh7 21. h4 Qf6 22. g5 hxg5 23. hxg5 Qd8 24. Qg2 Bxf5 25. exf5 Qd7 26. Qg4 Rfd8 27. Kf2 f6 28. g6 Ng5 29. Bxg5 fxg5 30. Rh1 Rf8 31. Rh8+ Kxh8 32. Qh3+ Kg8 33. Qh7# 1-0